| 000 | 00615nam a2200217#a 4500 | ||
|---|---|---|---|
| 001 | 00343 | ||
| 003 | HDC | ||
| 007 | ta | ||
| 008 | 230623s2008 xx 000 0 eng d | ||
| 040 | _aHDC | ||
| 050 |
_aSIRIM T 59.2 _b.S57 2007 |
||
| 110 | _aSirim Berhad | ||
| 245 | 0 |
_aSirim corporate profile = _bprofil korporate : _benhancing the quality of life = _bmeningkatkan kualiti hidup / _cSirim Berhad |
|
| 264 |
_aShah Alam : _bSirim Berhad, _c2008 |
||
| 300 |
_avarious paging . : _b ill. ; _c 21cm |
||
| 650 | _aStandardization | ||
| 942 | _2lcc | ||
| 942 | _cBK | ||
| 942 | _kSIRIM T 59.2 | ||
| 942 | _m.S57 2007 | ||
| 999 |
_c21984 _d21984 |
||